Electrical network theory (Record no. 13484)

000 -LEADER
fixed length control field 00496nam a22001937a 4500
003 - CONTROL NUMBER IDENTIFIER
control field PK-NaQUE
005 - DATE AND TIME OF LATEST TRANSACTION
control field 20250808122341.0
008 - FIXED-LENGTH DATA ELEMENTS--GENERAL INFORMATION
fixed length control field 250808b ||||| |||| 00| 0 eng d
020 ## - INTERNATIONAL STANDARD BOOK NUMBER
International Standard Book Number 0273004581
040 ## - CATALOGING SOURCE
Transcribing agency QUEST
082 ## - DEWEY DECIMAL CLASSIFICATION NUMBER
Classification number 621.3CNG
100 ## - MAIN ENTRY--PERSONAL NAME
Personal name Ng, K C
245 ## - TITLE STATEMENT
Title Electrical network theory
260 ## - PUBLICATION, DISTRIBUTION, ETC. (IMPRINT)
Place of publication, distribution, etc London:
Name of publisher, distributor, etc Pitman,
Date of publication, distribution, etc 1977.
300 ## - PHYSICAL DESCRIPTION
Extent 350
650 ## - SUBJECT ADDED ENTRY--TOPICAL TERM
Topical term or geographic name as entry element Electrical Networking
856 ## - ELECTRONIC LOCATION AND ACCESS
Uniform Resource Identifier http://10.10.170.122:8080/browse/book/28079
Link text Download eBook
942 ## - ADDED ENTRY ELEMENTS (KOHA)
Koha item type Books
Source of classification or shelving scheme
Holdings
Withdrawn status Lost status Damaged status Not for loan Collection code Permanent Location Current Location Date acquired Cost, normal purchase price Full call number Barcode Date last seen Koha item type
        Reference Reference Section Reference Section 2015-05-06 122.07 621.3CNG (Shelf - 43B) 10057 2015-05-06 Books

Copyright © 2018,The QUEST, Nawabshah, Shaheed Benazirabad. All rights reserved
Mr. G. Farooq Channar (Librarian) QUEST, Nawabshah, Sindh, Pakistan 67480.
 Ph#: |   0244-9370381-4 Ext. 2308   Email| [email protected]   Web|  http://www.quest.edu.pk